<?xml version="1.0" encoding="UTF-8"?>
<record
    xmlns:xsi="http://www.w3.org/2001/XMLSchema-instance"
    xsi:schemaLocation="http://www.loc.gov/MARC21/slim http://www.loc.gov/standards/marcxml/schema/MARC21slim.xsd"
    xmlns="http://www.loc.gov/MARC21/slim">

  <leader>01681nab a22002537a 4500</leader>
  <datafield tag="999" ind1=" " ind2=" ">
    <subfield code="c">5679</subfield>
    <subfield code="d">5679</subfield>
  </datafield>
  <controlfield tag="003">OSt</controlfield>
  <controlfield tag="005">20251226232039.0</controlfield>
  <controlfield tag="008">190603e        xxum|||| |||| 00| 0 spa d</controlfield>
  <datafield tag="040" ind1=" " ind2=" ">
    <subfield code="c">PJ</subfield>
  </datafield>
  <datafield tag="100" ind1=" " ind2=" ">
    <subfield code="9">1874</subfield>
    <subfield code="a">Paolantonio, Mart&#xED;n Esteban </subfield>
  </datafield>
  <datafield tag="245" ind1="1" ind2="0">
    <subfield code="a">Obligaciones dinerarias : </subfield>
    <subfield code="b">indexaci&#xF3;n y moneda extranjera desde la perspectiva del an&#xE1;lisis econ&#xF3;mico del derecho y la libertad contractual /</subfield>
    <subfield code="c">Mart&#xED;n E. Paolantonio </subfield>
  </datafield>
  <datafield tag="260" ind1=" " ind2=" ">
    <subfield code="c">Ciudad Aut&#xF3;noma de Buenos Aires :</subfield>
    <subfield code="a">Thomson Reuters La Ley, </subfield>
    <subfield code="b">2025.</subfield>
  </datafield>
  <datafield tag="300" ind1=" " ind2=" ">
    <subfield code="a">p. 96-125</subfield>
  </datafield>
  <datafield tag="500" ind1=" " ind2=" ">
    <subfield code="a">Cita: TR LALEY AR/DOC/1759/2025 
Publicado en: RCCyC 2025 (agosto).</subfield>
  </datafield>
  <datafield tag="505" ind1=" " ind2=" ">
    <subfield code="a">Sumario: I. Introducci&#xF3;n. Obligaciones de dar sumas de dinero y obligaciones dinerarias. Plan de trabajo.&#x2014; II. La represi&#xF3;n contractual como un derivado de la represi&#xF3;n financiera.&#x2014; III. El contenido de la represi&#xF3;n contractual: indexaci&#xF3;n y moneda extranjera.&#x2014; IV. La cuesti&#xF3;n de los costos de transacci&#xF3;n: introducci&#xF3;n.&#x2014; V. Deudas dinerarias en moneda extranjera: antecedentes y situaci&#xF3;n actual.&#x2014; VI. Deudas dinerarias e indexaci&#xF3;n: antecedentes y situaci&#xF3;n actual.&#x2014; VII. A modo de recapitulaci&#xF3;n y cierre. </subfield>
  </datafield>
  <datafield tag="505" ind1=" " ind2=" ">
    <subfield code="t">&#xBF;Te interesa el texto completo? Solicitalo al correo: koha@justierradelfuego.gov.ar</subfield>
  </datafield>
  <datafield tag="650" ind1=" " ind2="0">
    <subfield code="9">1497</subfield>
    <subfield code="a">CODIGO CIVIL Y COMERCIAL</subfield>
  </datafield>
  <datafield tag="650" ind1=" " ind2="0">
    <subfield code="9">2068</subfield>
    <subfield code="a">OBLIGACIONES EN MONEDA EXTRANJERA</subfield>
  </datafield>
  <datafield tag="650" ind1=" " ind2="0">
    <subfield code="9">530</subfield>
    <subfield code="a">OBLIGACIONES DE DAR SUMAS DE DINERO</subfield>
  </datafield>
  <datafield tag="650" ind1=" " ind2="0">
    <subfield code="9">3790</subfield>
    <subfield code="a">ACTUALIZACI&#xD3;N MONETARIA</subfield>
  </datafield>
  <datafield tag="650" ind1=" " ind2="0">
    <subfield code="9">6629</subfield>
    <subfield code="a">MONEDA DE CURSO LEGAL</subfield>
  </datafield>
  <datafield tag="773" ind1="0" ind2=" ">
    <subfield code="0">2713</subfield>
    <subfield code="9">3170</subfield>
    <subfield code="d">Ciudad Aut&#xF3;noma de Buenos Aires : Thomson Reuters La Ley, 2015-</subfield>
    <subfield code="t">Revista C&#xF3;digo Civil y Comercial. N&#xBA; 4 - Agosto 2025</subfield>
  </datafield>
  <datafield tag="942" ind1=" " ind2=" ">
    <subfield code="2">udc</subfield>
    <subfield code="c">ANA</subfield>
  </datafield>
</record>
